<?xml version="1.0" encoding="UTF-8"?>
<collection xmlns="http://www.loc.gov/MARC21/slim">
 <record>
  <leader>01584pamaa2200277   4500</leader>
  <controlfield tag="001">0000051006</controlfield>
  <controlfield tag="005">20130221090000.0</controlfield>
  <controlfield tag="008">130222s2012                             eng  </controlfield>
  <datafield tag="020" ind1="0" ind2="0">
   <subfield code="a">9781935096924 </subfield>
  </datafield>
  <datafield tag="090" ind1="0" ind2="0">
   <subfield code="a">BL624 </subfield>
   <subfield code="b">CAN 2012</subfield>
  </datafield>
  <datafield tag="100" ind1="1" ind2="0">
   <subfield code="a">Canfield </subfield>
  </datafield>
  <datafield tag="240" ind1="0" ind2="0">
   <subfield code="a">I can't believe my cat did that!</subfield>
  </datafield>
  <datafield tag="245" ind1="1" ind2="0">
   <subfield code="a">Chicken soup for the soul I can't believe my cat did that! : </subfield>
   <subfield code="b">101 stories about the crazy antics of our feline friends  </subfield>
   <subfield code="c">Jack Canfield, Mark Victor Hansen and Jennifer Quasha.</subfield>
  </datafield>
  <datafield tag="260" ind1="0" ind2="0">
   <subfield code="a">Cos Cob, CT: </subfield>
   <subfield code="b">Chicken Soup for the Soul Pub, </subfield>
   <subfield code="c">2012.</subfield>
  </datafield>
  <datafield tag="300" ind1=" " ind2=" ">
   <subfield code="a">ix, 355: </subfield>
   <subfield code="b">ill.; </subfield>
   <subfield code="c">24 cm.</subfield>
  </datafield>
  <datafield tag="440" ind1="0" ind2="0">
   <subfield code="a">Chicken soup for the soul</subfield>
  </datafield>
  <datafield tag="501" ind1="0" ind2="0">
   <subfield code="a">Library</subfield>
  </datafield>
  <datafield tag="505" ind1="0" ind2="0">
   <subfield code="a">Our cats make us smile every day, but sometimes they really outdo themselves! This book is full of the hilarious and heartwarming antics of our feline friends that surprise us and charm us. Chicken Soup for the Soul: I Can't Believe My Cat Did That! will have readers saying just that as they read these 101 stories about the simple absurdities, funny habits, and crazy antics of these fascinating felines. Whether humorous or serious, or both, this book will make readers laugh and warm their hearts</subfield>
  </datafield>
  <datafield tag="650" ind1="0" ind2="0">
   <subfield code="a">Cats -- </subfield>
   <subfield code="x">Behavior -- </subfield>
   <subfield code="x">Literary collections </subfield>
  </datafield>
  <datafield tag="650" ind1="0" ind2="0">
   <subfield code="a">Cats -- </subfield>
   <subfield code="x">Behavior -- </subfield>
   <subfield code="x">Anecdotes </subfield>
  </datafield>
  <datafield tag="650" ind1="0" ind2="0">
   <subfield code="a">Cat owners -- </subfield>
   <subfield code="x">Literary collections </subfield>
  </datafield>
  <datafield tag="650" ind1="0" ind2="0">
   <subfield code="a">Cat owners -- </subfield>
   <subfield code="x">Anecdotes. </subfield>
  </datafield>
  <datafield tag="650" ind1="0" ind2="0">
   <subfield code="a">Human-animal relationships -- </subfield>
   <subfield code="x">Literary collections. </subfield>
  </datafield>
  <datafield tag="650" ind1="0" ind2="0">
   <subfield code="a">Human-animal relationships -- </subfield>
   <subfield code="x">Anecdotes. </subfield>
  </datafield>
  <datafield tag="700" ind1="1" ind2="1">
   <subfield code="a">Quasha, </subfield>
   <subfield code="h">Jennifer </subfield>
  </datafield>
  <datafield tag="901" ind1=" " ind2=" ">
   <subfield code="u">http://wwwchickensoup.com</subfield>
  </datafield>
 </record>
</collection>
